[Event "Paul Keres in Memoriam"]
[Site "SchemingMind.com"]
[Date "2011.08.03"]
[Round "-"]
[White "jtrochez1"]
[Black "otsenrechess"]
[Result "0-1"]
[WhiteCountry "HON"]
[BlackCountry "HUN"]
[WhiteElo "1619"]
[WhiteRD "51"]
[BlackElo "2318"]
[BlackRD "63"]
[GameID "290047"]

1. e4 e6 2. d4 d5 3. e5 c5 4. Nf3 Nc6 5. c3 Qb6 6. b3 cxd4 7. Bb2 dxc3 8. Bxc3 Bc5 9. Qe2 Nh6 10. h3 O-O
11. g4 Bd7 12. Rh2 Rac8 13. a3 Qxb3 14. Qb2 Qxb2 15. Bxb2 f5 16. g5 Nf7 17. h4 d4 18. Bd3 Nfxe5 19. Nxe5 Nxe5 20. Rh3 Nxd3+
21. Rxd3 e5 22. Nd2 Ba4 23. Nb3 Bb6 24. Rc1 e4 25. Rh3 d3 26. Rxc8 Rxc8
0-1

[Event "Paul Keres in Memoriam"]
[Site "SchemingMind.com"]
[Date "2011.08.03"]
[Round "-"]
[White "ampp"]
[Black "ramesse"]
[Result "0-1"]
[WhiteCountry "POR"]
[BlackCountry "SVK"]
[WhiteElo "1200"]
[WhiteRD "56"]
[BlackElo "2043"]
[BlackRD "70"]
[GameID "290052"]

1. e4 c5 2. Nf3 d6 3. Nc3 Nf6 4. Bb5+ Bd7 5. Bxd7+ Qxd7 6. O-O Nc6 7. d4 cxd4 8. Nxd4 g6 9. Re1 Bg7 10. Bg5 h6
11. Bh4 Nxd4 12. Qxd4 g5 13. Bg3 Nh5 14. Rad1 Bxd4
0-1

[Event "Paul Keres in Memoriam"]
[Site "SchemingMind.com"]
[Date "2011.08.03"]
[Round "-"]
[White "otsenrechess"]
[Black "jtrochez1"]
[Result "1-0"]
[WhiteCountry "HUN"]
[BlackCountry "HON"]
[WhiteElo "2318"]
[WhiteRD "63"]
[BlackElo "1619"]
[BlackRD "51"]
[GameID "290055"]

1. d4 d5 2. c4 e6 3. Nc3 c6 4. e4 dxe4 5. Nxe4 Bb4+ 6. Bd2 Bxd2+ 7. Qxd2 h6 8. Qb4 Qe7 9. Nd6+ Kf8 10. Nf3 Nd7
11. Ne5 Nb6 12. Nexf7 Rh7 13. Ne5 Nd7 14. Ng6#
1-0

[Event "Paul Keres in Memoriam"]
[Site "SchemingMind.com"]
[Date "2011.08.03"]
[Round "-"]
[White "ramesse"]
[Black "ampp"]
[Result "1-0"]
[WhiteCountry "SVK"]
[BlackCountry "POR"]
[WhiteElo "2043"]
[WhiteRD "70"]
[BlackElo "1200"]
[BlackRD "56"]
[GameID "290060"]

1. e4 e6 2. d4 d5 3. Nc3 Nc6 4. Nf3 Nf6 5. e5 Ne4 6. Bd3 Nxc3 7. bxc3 h6 8. O-O Be7 9. Rb1 b6 10. Nd2 O-O
11. f4 f6 12. Qe2 a6 13. exf6 Bxf6 14. Nf3 b5 15. Ne5 Nxe5 16. fxe5 Be7 17. Rxf8+ Qxf8 18. Qh5 Qf7 19. Bh7+
1-0

[Event "Paul Keres in Memoriam"]
[Site "SchemingMind.com"]
[Date "2011.08.11"]
[Round "-"]
[White "elFLP"]
[Black "Scooter"]
[Result "1-0"]
[WhiteCountry "URU"]
[BlackCountry "USA"]
[WhiteElo "1917"]
[WhiteRD "90"]
[BlackElo "1806"]
[BlackRD "55"]
[GameID "290729"]

1. e4 c6 2. d4 d5 3. e5 Bf5 4. f4 e6 5. Nf3 Nd7 6. Be2 c5 7. c3 cxd4 8. Nxd4 Bg6 9. O-O Bc5 10. Kh1 Ne7
11. Nd2 O-O 12. N2b3 Nf5 13. Bb5 Bxd4 14. Nxd4 a6 15. Ba4 b5 16. Bb3 Rc8 17. a4 Nc5 18. Bc2 bxa4 19. Bxa4 Nxa4 20. Rxa4 Nxd4
21. Qxd4 Rc6 22. Be3 Qh4 23. Rfa1 Be4 24. Qd2 Ra8 25. b4 Qh3 26. Bd4 Qd3 27. Qf2 h6 28. Ra5 Qc4 29. b5 Rc7 30. Rxa6 Rb8
31. b6 Rcb7 32. Ra7 Qb5 33. Rxb7 Rxb7 34. Qa2 Kh7 35. h3 Qd3 36. Kh2 Qb5 37. Qa8 Rxb6 38. Bxb6 Qxb6 39. Qa7 Qb2 40. Ra2 Qxc3
41. Qxf7 Qe3 42. Ra7
1-0

[Event "Paul Keres in Memoriam"]
[Site "SchemingMind.com"]
[Date "2011.08.11"]
[Round "-"]
[White "Scooter"]
[Black "elFLP"]
[Result "0-1"]
[WhiteCountry "USA"]
[BlackCountry "URU"]
[WhiteElo "1806"]
[WhiteRD "55"]
[BlackElo "1917"]
[BlackRD "90"]
[GameID "290731"]

1. d4 d5 2. Nf3 e6 3. Bf4 Nf6 4. h3 c5 5. e3 Nc6 6. c3 Be7 7. Bb5 a6 8. Bxc6+ bxc6 9. O-O O-O 10. Nbd2 a5
11. Qa4 Ba6 12. Rfe1 Bb5 13. Qc2 a4 14. Ng5 h6 15. Ngf3 Nd7 16. e4 Nb6 17. exd5 cxd5 18. b3 c4 19. b4 a3 20. Nb1 Ra6
21. Bc1 Qa8 22. Qe2 Nd7 23. Ne5 Nxe5 24. Qxe5 Bf6 25. Qg3 Kh8 26. Bf4 Qb7 27. Re3 Qd7 28. Rf3 Bc6 29. Bxh6 Qe7 30. Bf4 Bh4
31. Qg4 f5 32. Qh5+ Kg8 33. Bg3 Bg5 34. Bd6 Qd8 35. Bxf8 Be8
0-1

[Event "Paul Keres in Memoriam"]
[Site "SchemingMind.com"]
[Date "2011.08.12"]
[Round "-"]
[White "banyapet"]
[Black "Michal Drus"]
[Result "1-0"]
[WhiteCountry "HUN"]
[BlackCountry "POL"]
[WhiteElo "1734"]
[WhiteRD "108"]
[BlackElo "1434"]
[BlackRD "94"]
[GameID "290772"]

1. e4 c5 2. Nf3 a6 3. c3 e6 4. d3 b5 5. g3 Bb7 6. Bg2 Nf6 7. Nbd2 d5 8. e5 Ng4 9. h3 Nxf2 10. Kxf2 d4
11. Qc2 Nc6 12. Re1 b4 13. Ne4 bxc3 14. bxc3 dxc3 15. Qxc3 Nd4 16. Nxd4 cxd4 17. Qb3 Bxe4 18. Bxe4 Rb8 19. Bc6+
1-0

[Event "Paul Keres in Memoriam"]
[Site "SchemingMind.com"]
[Date "2011.08.12"]
[Round "-"]
[White "Michal Drus"]
[Black "banyapet"]
[Result "0-1"]
[WhiteCountry "POL"]
[BlackCountry "HUN"]
[WhiteElo "1434"]
[WhiteRD "94"]
[BlackElo "1734"]
[BlackRD "108"]
[GameID "290779"]

1. d4 Nf6 2. c4 g6 3. e3 Bg7 4. c5 O-O 5. Bd3 d6 6. b4 e5 7. Bb2 exd4 8. Bxd4 Nc6 9. Qa4 Nxd4 10. exd4 Re8+
11. Ne2 Bd7 12. Qc2 Nd5 13. O-O Nxb4 14. Qb3 Nxd3 15. Qxd3 dxc5 16. Nbc3 cxd4 17. Nxd4 Bf5 18. Qf3 Qxd4 19. Nb5 Qe4 20. Qxe4 Bxe4
21. Nxc7 Bxa1 22. Nxe8 Rxe8 23. Rxa1 b5 24. Re1 f5 25. f3 Bc6 26. Rxe8+ Bxe8 27. a3 a5
0-1

[Event "Paul Keres in Memoriam"]
[Site "SchemingMind.com"]
[Date "2011.08.15"]
[Round "-"]
[White "maro"]
[Black "jgrzadzielski"]
[Result "0-1"]
[WhiteCountry "MEX"]
[BlackCountry "POL"]
[WhiteElo "1356"]
[WhiteRD "52"]
[BlackElo "1275"]
[BlackRD "115"]
[GameID "290867"]

1. e4 e5 2. Nf3 Nc6 3. Bc4 Nf6 4. d3 d6 5. O-O Bg4 6. Nc3 Nb4 7. a3 d5 8. exd5 Nbxd5 9. Re1 Bc5 10. Rxe5+ Be6
11. Ng5 Ng4 12. Qxg4 Qf6 13. Nce4 Qxe5 14. Qh4 Bf5 15. Bf4 Nxf4 16. Bxf7+ Kf8 17. Re1 Bxe4 18. Rxe4 Qxb2 19. g3 Qb1+ 20. Re1 Qxe1#
0-1

[Event "Paul Keres in Memoriam"]
[Site "SchemingMind.com"]
[Date "2011.08.15"]
[Round "-"]
[White "jgrzadzielski"]
[Black "maro"]
[Result "0-1"]
[WhiteCountry "POL"]
[BlackCountry "MEX"]
[WhiteElo "1275"]
[WhiteRD "115"]
[BlackElo "1356"]
[BlackRD "52"]
[GameID "290870"]

1. d4 d5 2. Nc3 Nf6 3. b3 e6 4. Bg5 Bd6 5. Nf3 O-O 6. Bxf6 Qxf6 7. Nb5 Bb4+ 8. c3 Ba5 9. b4 Bb6 10. a4 a6
11. Na3 a5 12. bxa5 Bxa5 13. Nb5 c6 14. Nd6 Bxc3+ 15. Nd2 Bxa1 16. Qxa1 Rd8 17. Nxc8 Rxc8 18. e4 dxe4 19. Nxe4 Qf4 20. f3 Nd7
21. Bc4 Nb6 22. Bb3 Rd8 23. O-O Qe3+ 24. Rf2 Rxd4 25. Ng3 Nxa4 26. f4 Rd2 27. Qf1= Nc3 28. Bc4 Rd1 29. h3 Rxf1+
0-1

[Event "Paul Keres in Memoriam"]
[Site "SchemingMind.com"]
[Date "2011.08.16"]
[Round "-"]
[White "Olli Ylönen"]
[Black "cnile"]
[Result "1-0"]
[WhiteCountry "FIN"]
[BlackCountry "SCO"]
[WhiteElo "1778"]
[WhiteRD "48"]
[BlackElo "1504"]
[BlackRD "59"]
[GameID "290957"]

1. e4 c5 2. c3 Nf6 3. e5 Nd5 4. d4 cxd4 5. Nf3 d3 6. Bxd3 d6 7. Bb5+ Bd7 8. Bxd7+ Qxd7 9. Qxd5 Nc6 10. exd6 Qxd6
11. Qxd6 exd6 12. O-O Be7 13. Re1 O-O 14. Na3 Rac8 15. Bf4 Bf6 16. Bxd6
1-0

[Event "Paul Keres in Memoriam"]
[Site "SchemingMind.com"]
[Date "2011.08.19"]
[Round "-"]
[White "cnile"]
[Black "Olli Ylönen"]
[Result "0-1"]
[WhiteCountry "SCO"]
[BlackCountry "FIN"]
[WhiteElo "1446"]
[WhiteRD "61"]
[BlackElo "1768"]
[BlackRD "52"]
[GameID "290962"]

1. e4 e5 2. Nf3 Nc6 3. Bb5 Nge7 4. c3 g6 5. O-O Bg7 6. d3 O-O 7. Nbd2 d6 8. Re1 a6 9. Ba4 h6 10. Nf1 d5
11. Ne3 d4 12. Nc4 b5 13. Bb3 bxc4 14. Bc2 cxd3 15. Bxd3 dxc3 16. bxc3 Bg4 17. h3 Bxf3 18. Qxf3 h5 19. Qg3 h4 20. Qxh4 Qxd3
21. Ba3 Qxc3 22. Bxe7 Nxe7 23. Qxe7 Rfe8 24. Qg5 Rec8 25. Rac1 Qa5 26. Qe7 Qxa2 27. Rxc7 Rxc7 28. Qxc7 Qd2 29. Kf1 a5 30. Qb7 Rd8
0-1

[Event "Paul Keres in Memoriam"]
[Site "SchemingMind.com"]
[Date "2011.08.20"]
[Round "-"]
[White "TONYTODD11"]
[Black "emvarela"]
[Result "1/2-1/2"]
[WhiteCountry "ENG"]
[BlackCountry "ARG"]
[WhiteElo "1528"]
[WhiteRD "100"]
[BlackElo "1803"]
[BlackRD "48"]
[GameID "291050"]

1. e4 e5 2. f4 exf4 3. Nf3 g5 4. Bc4 Bg7 5. d4 d6 6. O-O h6 7. Nc3 Be6 8. d5 Bg4 9. b3 Bxc3 10. Nd4 Bxd4+
11. Qxd4 Qf6 12. e5 dxe5 13. Re1 Nd7 14. Bb5 a6 15. Rxe5+ Kf8 16. Bxd7 Bxd7 17. Qb4+ Qd6 18. Qd4 Qb6 19. Qxb6 cxb6 20. Bb2 f6
21. Re2 Re8 22. Ba3+ Kf7 23. Rae1 Rh7 24. Rxe8 Bxe8 25. c4 Bd7 26. g3 fxg3 27. hxg3 Kg6 28. c5 Re7 29. Rxe7 Nxe7 30. c6 bxc6
31. Bxe7 cxd5 32. Kf2 f5 33. Kf3 d4 34. Ke2 Bb5+ 35. Kd2 Bf1 36. Ke1 Bd3 37. Bd8 b5 38. Bb6 f4 39. gxf4 gxf4 40. Bxd4 f3
41. Kf2 Be2 42. a3 h5 43. a4 bxa4 44. bxa4 Kg5 45. Be3+ Kg4 46. Kg1 h4 47. Kh2 Bd1=
1/2-1/2

[Event "Paul Keres in Memoriam"]
[Site "SchemingMind.com"]
[Date "2011.08.16"]
[Round "-"]
[White "lennart"]
[Black "jorge47"]
[Result "0-1"]
[WhiteCountry "SWE"]
[BlackCountry "ARG"]
[WhiteElo "1479"]
[WhiteRD "55"]
[BlackElo "1526"]
[BlackRD "94"]
[GameID "291052"]

1. e4 c5 2. Nc3 d6 3. Nf3 Nf6 4. d4 cxd4 5. Nxd4 a6 6. Bd3 e6 7. O-O Be7 8. Re1 O-O 9. e5 dxe5 10. Nde2 Nc6
11. a3 Qc7 12. Ne4 Rd8 13. N2g3 Nd4 14. c3 Nxe4 15. Nxe4 Nc6 16. Re3 f5 17. Nd2 e4 18. Bc4 b5 19. Be2 Bb7 20. a4 Bg5
21. Rg3 h6 22. c4 f4 23. Rh3 e3 24. cxb5 axb5 25. fxe3 fxe3 26. b3 exd2 27. Bb2 Na5 28. Bxb5 Qb6+ 29. Kh1 Qf2 30. Bf1 Be3
31. Rxe3 Qxe3 32. Ra3 Qe1
0-1

[Event "Paul Keres in Memoriam"]
[Site "SchemingMind.com"]
[Date "2011.08.16"]
[Round "-"]
[White "HAZOP"]
[Black "PankracyRozumek"]
[Result "0-1"]
[WhiteCountry "ALG"]
[BlackCountry "POL"]
[WhiteElo "1542"]
[WhiteRD "113"]
[BlackElo "1937"]
[BlackRD "70"]
[GameID "291054"]

1. e4 c5 2. Nf3 g6 3. d4 cxd4 4. Nxd4 Nc6 5. Nc3 Bg7 6. Nxc6 bxc6 7. Bd3 d6 8. O-O Nf6 9. Re1 O-O 10. Kh1 Ng4
11. f3 Nf2+ 12. Kg1 Nxd1 13. Nxd1 a5 14. c3 Ba6 15. Bc2 Re8 16. Ba4 Bb5 17. Bxb5 cxb5 18. Ne3 b4 19. Bd2 bxc3 20. bxc3 e6
21. Rab1 Rb8 22. Rbd1 d5 23. c4 dxe4 24. fxe4 Qb6 25. Rb1 Qxb1 26. Rxb1 Rxb1+ 27. Kf2 Rb2 28. Ke2 Rxa2
0-1

[Event "Paul Keres in Memoriam"]
[Site "SchemingMind.com"]
[Date "2011.08.16"]
[Round "-"]
[White "kieranchez"]
[Black "mmccaffe"]
[Result "1-0"]
[WhiteCountry "IRL"]
[BlackCountry "USA"]
[WhiteElo "1791"]
[WhiteRD "143"]
[BlackElo "1666"]
[BlackRD "60"]
[GameID "291055"]

1. c4 Nf6 2. Nc3 g6 3. Nf3 Bg7 4. e4 d6 5. d4 O-O 6. Be2 e5 7. d5 Ne8 8. O-O f5 9. Bd3 f4 10. b4 g5
11. g3 g4 12. Nd2 f3 13. Re1 Qg5 14. Nxf3 Qf6 15. Bf1 gxf3 16. c5 Qg6 17. Re3 Qh5 18. c6 b6 19. b5 Bh6 20. Rd3 Bf4
21. Qxf3 Bg4 22. Qg2 Bxc1 23. Rxc1 a6 24. Ra1 axb5 25. Nxb5 Na6 26. Ra3 Nf6 27. f3 Bxf3 28. Rxf3 Nxe4 29. Rxf8+ Rxf8 30. Qxe4 Nc5
31. Qe2
1-0

[Event "Paul Keres in Memoriam"]
[Site "SchemingMind.com"]
[Date "2011.08.20"]
[Round "-"]
[White "emvarela"]
[Black "TONYTODD11"]
[Result "1-0"]
[WhiteCountry "ARG"]
[BlackCountry "ENG"]
[WhiteElo "1774"]
[WhiteRD "47"]
[BlackElo "1588"]
[BlackRD "92"]
[GameID "291058"]

1. e4 c6 2. d4 d5 3. Nc3 Nf6 4. e5 Ng4 5. h3 Nxf2 6. Kxf2 e6 7. Nf3 f6 8. exf6 Qxf6 9. Bg5 Qg6 10. Bd3 Qf7
11. Rf1 Bd6 12. Kg1 b6 13. Ne5 Qc7 14. Qh5+ g6 15. Bxg6+
1-0

[Event "Paul Keres in Memoriam"]
[Site "SchemingMind.com"]
[Date "2011.08.16"]
[Round "-"]
[White "jorge47"]
[Black "lennart"]
[Result "1/2-1/2"]
[WhiteCountry "ARG"]
[BlackCountry "SWE"]
[WhiteElo "1526"]
[WhiteRD "94"]
[BlackElo "1479"]
[BlackRD "55"]
[GameID "291060"]

1. e4 e5 2. Nf3 d6 3. d4 exd4 4. Nxd4 Nf6 5. Nc3 c5 6. Bb5+ Bd7 7. Bxd7+ Nbxd7 8. Nf3 a6 9. O-O Be7 10. Bf4 Qc7
11. Nd5 Nxd5 12. exd5 O-O 13. c4 b5 14. b3 bxc4 15. bxc4 Nb6 16. Qe2 Rae8 17. Qc2 h6 18. a4 Bf6 19. Rab1 Rb8 20. Rfe1 Qd7
21. a5 Na8 22. Rxb8 Rxb8 23. Re4 Nc7 24. h3 Rb2 25. Qd3 Rb8 26. Re1 Re8 27. Rxe8+ Nxe8 28. Qb3 Nc7 29. Qb8+ Bd8 30. Nd2 Kh7
31. Ne4 Ne8 32. Nxd6 Nxd6 33. Qxd6 Qf5 34. Be3 Qb1+ 35. Kh2 Bxa5 36. Qxa6 Qb6 37. Qxb6 Bxb6 38. d6 Kg6 39. d7 Kf6 40. Bxc5 Bc7+
41. Bd6 Bd8 42. c5 Ke6 43. Kg3 Kxd7 44. Kf4 Bf6 45. g3 g6 46. Ke4 Kc6 47. f4 Bc3 48. Be5 Be1 49. f5 g5 50. Bd6 h5=
1/2-1/2

[Event "Paul Keres in Memoriam"]
[Site "SchemingMind.com"]
[Date "2011.08.16"]
[Round "-"]
[White "PankracyRozumek"]
[Black "HAZOP"]
[Result "1-0"]
[WhiteCountry "POL"]
[BlackCountry "ALG"]
[WhiteElo "1937"]
[WhiteRD "70"]
[BlackElo "1542"]
[BlackRD "113"]
[GameID "291062"]

1. e4 e5 2. Nf3 Nc6 3. d4 Nxd4 4. Nxd4 exd4 5. Qxd4 b6 6. Bc4 Bb7 7. Nc3 Bc5 8. Qxg7 Qf6 9. Qxf6 Nxf6 10. O-O O-O-O
11. Bxf7 Rdf8 12. Bc4 Ng4 13. Nd1 Bxe4 14. Bh6 Nxh6 15. c3 d5 16. Be2 Rhg8 17. g3 Ng4 18. b4 Bd6 19. f3 Nxh2 20. Kxh2 Rxg3
21. Kh1 Rf4 22. Rf2 Rh4+ 23. Rh2 Rxh2+ 24. Kxh2 Rxf3+ 25. Kg1 Rg3+ 26. Kf2 Rg2+ 27. Ke3 Rg1 28. a4 Be7 29. Ra2 Bg5+ 30. Kd4 Rg2
31. Ne3 Rg3 32. Nxd5 Bxd5 33. Kxd5 Rxc3 34. b5 h6 35. Bg4+ Kd8 36. Rf2 Rc5+ 37. Ke6 Rc4 38. Rf8#
1-0

[Event "Paul Keres in Memoriam"]
[Site "SchemingMind.com"]
[Date "2011.08.16"]
[Round "-"]
[White "mmccaffe"]
[Black "kieranchez"]
[Result "1/2-1/2"]
[WhiteCountry "USA"]
[BlackCountry "IRL"]
[WhiteElo "1701"]
[WhiteRD "58"]
[BlackElo "1774"]
[BlackRD "137"]
[GameID "291063"]

1. c4 e5 2. Nc3 Nf6 3. Nf3 Nc6 4. g3 d5 5. cxd5 Nxd5 6. Bg2 Nb6 7. O-O Be7 8. d3 Be6 9. Bd2 Rb8 10. Be3 O-O
11. d4 exd4 12. Nxd4 Nxd4 13. Bxd4 f6 14. Be3 Qc8 15. Qc2 a6 16. Rac1 Nc4 17. Bf4 Bd6 18. Bxd6 Nxd6 19. Nd5 Rf7 20. Nxc7 Bc4
21. Bd5 Bxd5 22. Nxd5 Qe6 23. Nf4 Qxa2 24. Rfd1 Rd7 25. Qc5 b6 26. Qa3 Qxa3 27. bxa3 Rbb7 28. Rc6 g5= 29. Rcxd6 Rxd6 30. Rxd6 gxf4
31. Rxf6 fxg3 32. hxg3 a5 33. e4 b5 34. Ra6 b4 35. axb4 axb4 36. Ra1 b3 37. Rb1 b2 38. Kf1 Kf7 39. Ke2 Rb3 40. Kd2 Ke6
41. Kc2 Rf3 42. Rf1 Ke5 43. Kxb2 Kxe4 44. Kc2 h5=
1/2-1/2

[Event "Paul Keres in Memoriam"]
[Site "SchemingMind.com"]
[Date "2011.08.17"]
[Round "-"]
[White "docjan"]
[Black "John Hamer"]
[Result "1/2-1/2"]
[WhiteCountry "SWE"]
[BlackCountry "ENG"]
[WhiteElo "2270"]
[WhiteRD "57"]
[BlackElo "2011"]
[BlackRD "67"]
[GameID "291105"]

1. e4 e5 2. f4 exf4 3. Nf3 Nf6 4. Nc3 d5 5. exd5 Bd6 6. Bb5+ Nbd7 7. Qe2+ Qe7 8. Qxe7+ Kxe7 9. O-O Nb6 10. Re1+ Kf8
11. d3 a6 12. Bc4 Bg4 13. Bd2 Bc5+=
1/2-1/2

[Event "Paul Keres in Memoriam"]
[Site "SchemingMind.com"]
[Date "2011.08.17"]
[Round "-"]
[White "John Hamer"]
[Black "docjan"]
[Result "0-1"]
[WhiteCountry "ENG"]
[BlackCountry "SWE"]
[WhiteElo "1990"]
[WhiteRD "67"]
[BlackElo "2302"]
[BlackRD "56"]
[GameID "291109"]

1. d4 Nf6 2. c4 g6 3. Nf3 Bg7 4. Bf4 d6 5. Nc3 O-O 6. e3 Nc6 7. Be2 Bg4 8. d5 e5 9. Bg5 Ne7 10. e4 h6
11. Be3 Bd7 12. O-O c5 13. dxc6 Bxc6 14. Qd3 Ng4 15. Bd2 f5 16. Nh4 fxe4 17. Nxe4 Nf6 18. Ng3 e4 19. Qb1 d5 20. cxd5 Bxd5
21. Bb4 Kh7 22. Rd1 Qc7 23. a4 Rac8 24. Ra3 Rfd8 25. Rc3 Qe5 26. Ba5 Rxc3 27. Bxd8 Rb3 28. Bxe7 Qxe7 29. Rd2 Bf7 30. Qd1 e3
31. fxe3 Qxe3+ 32. Kh1 Rb4 33. Rd3= Qc5 34. Rc3= Qb6 35. a5 Qxa5 36. Nf3 Ng4 37. Qd7 Bxc3 38. Qxf7+ Bg7 39. h3 Ne5
0-1

[Event "Paul Keres in Memoriam"]
[Site "SchemingMind.com"]
[Date "2011.08.20"]
[Round "-"]
[White "loco61"]
[Black "reo"]
[Result "0-1"]
[WhiteCountry "ENG"]
[BlackCountry "THA"]
[WhiteElo "1657"]
[WhiteRD "67"]
[BlackElo "1744"]
[BlackRD "105"]
[GameID "291184"]

1. e4 c6 2. Nf3 d5 3. exd5 cxd5 4. d4 Nc6 5. Bf4 Nf6 6. Bb5 Bg4 7. h3 Bxf3 8. Qxf3 e6 9. O-O Be7 10. c3 O-O
11. Nd2 a6 12. Ba4 b5 13. Bb3 a5 14. a4 b4 15. cxb4 Nxd4 16. Qd3 Nxb3 17. Qxb3 Bxb4 18. Nf3 Re8 19. Ne5 Bd6 20. Nc6 Qc7
21. Bxd6 Qxd6 22. Rac1 Nd7 23. Rc3 Ne5 24. Nxe5 Qxe5 25. Rfc1 h6 26. Re3 Rab8 27. Rxe5 Rxb3 28. Re2 Reb8 29. Rb1 R3b4 30. Rc2 Rxa4
31. Rc5 Ra2 32. b3 Ra3 33. Rc3 a4 34. Kf1 Ra2 35. b4 Rb5 36. Rc8+ Kh7 37. Ra8 d4 38. Ke1 e5 39. Ra7 Kg6 40. Kd1 a3
41. Kc1 d3 42. Rd7 Rxf2 43. Rxd3 a2 44. Ra1 Rxb4 45. Rd2 Rf1+
0-1

[Event "Paul Keres in Memoriam"]
[Site "SchemingMind.com"]
[Date "2011.08.19"]
[Round "-"]
[White "reo"]
[Black "loco61"]
[Result "1-0"]
[WhiteCountry "THA"]
[BlackCountry "ENG"]
[WhiteElo "1727"]
[WhiteRD "101"]
[BlackElo "1685"]
[BlackRD "71"]
[GameID "291186"]

1. e4 c5 2. Nf3 Nc6 3. Bb5 a6 4. Bxc6 dxc6 5. d3 e6 6. Nc3 g6 7. O-O Bg7 8. Rb1 Ne7 9. Bf4 b5 10. Qd2 b4
11. Na4 Qa5 12. b3 O-O 13. Bd6 Re8 14. Bxc5 Bc3 15. Qg5 Qc7 16. Nxc3 bxc3 17. Bd4 f5 18. Qf6 Nd5 19. Qh8+ Kf7 20. Qg7#
1-0

[Event "Paul Keres in Memoriam"]
[Site "SchemingMind.com"]
[Date "2011.08.20"]
[Round "-"]
[White "Jari Laine"]
[Black "Dan Geana"]
[Result "1/2-1/2"]
[WhiteCountry "FIN"]
[BlackCountry "ROU"]
[WhiteElo "2246"]
[WhiteRD "97"]
[BlackElo "2437"]
[BlackRD "106"]
[GameID "291255"]

1. e4 c5 2. Nf3 d6 3. d4 cxd4 4. Nxd4 Nf6 5. Nc3 a6 6. Be3 e5 7. Nb3 Be6 8. f3 Be7 9. Qd2 O-O 10. O-O-O Nbd7
11. g4 b5 12. g5 b4 13. Ne2 Ne8 14. f4 a5 15. f5 a4 16. fxe6 axb3 17. exf7+ Rxf7 18. cxb3 Rxa2 19. Ng3 Rxf1 20. Rhxf1 Ra1+
21. Kc2 Qc8+=
1/2-1/2

[Event "Paul Keres in Memoriam"]
[Site "SchemingMind.com"]
[Date "2011.08.20"]
[Round "-"]
[White "kenneth m day"]
[Black "KupkaJ"]
[Result "1-0"]
[WhiteCountry "USA"]
[BlackCountry "SVK"]
[WhiteElo "1938"]
[WhiteRD "56"]
[BlackElo "1512"]
[BlackRD "99"]
[GameID "291257"]

1. d4 Nf6 2. Nf3 e6 3. Bf4 c5 4. e3 Nc6 5. c3 d5 6. Bd3 a6 7. Nbd2 c4 8. Bc2 b5 9. Ne5 Bb7 10. O-O b4
11. Ba4 Rc8 12. Ndf3 Be7 13. Rb1 O-O 14. Bc2 a5 15. Qe2 Nxe5 16. Nxe5 Nd7 17. Qh5 f5 18. g4 g6 19. Nxg6 hxg6 20. Qxg6+ Kh8
21. Qh6+ Kg8 22. Qxe6+
1-0

[Event "Paul Keres in Memoriam"]
[Site "SchemingMind.com"]
[Date "2011.08.20"]
[Round "-"]
[White "Dan Geana"]
[Black "Jari Laine"]
[Result "1/2-1/2"]
[WhiteCountry "ROU"]
[BlackCountry "FIN"]
[WhiteElo "2523"]
[WhiteRD "94"]
[BlackElo "2285"]
[BlackRD "67"]
[GameID "291260"]

1. e4 e6 2. d4 d5 3. Nd2 a6 4. Ngf3 c5 5. dxc5 Bxc5 6. Bd3 Nf6 7. O-O Nc6 8. a3 dxe4 9. Nxe4 Nxe4 10. Bxe4 Qxd1
11. Rxd1 Bd7 12. b4 Be7 13. c4 f5 14. Bc2 Bf6 15. Rb1 e5 16. Bb2 e4 17. Bxf6 gxf6 18. Nd4 O-O-O 19. f3 Kc7 20. Kf2 Rhe8
21. Nxc6 bxc6 22. c5 a5 23. Rd6 axb4 24. axb4 Be6 25. Rbd1 Rb8 26. R6d4 Bd5 27. Ra1 Kb7 28. b5 Ra8 29. Rxa8 Rxa8 30. fxe4 fxe4
31. bxc6+ Kxc6 32. Bxe4 Bxe4 33. Rxe4 Kxc5 34. Re7 Ra2+ 35. Kg3 Ra3+ 36. Kg4 Ra2 37. Kh3 Ra3+ 38. g3 Kd6 39. Rxh7 Ke5 40. Kg4 Ra4+
41. Kh5 f5 42. Rh6 Rd4 43. Rh8 Rg4 44. Re8+=
1/2-1/2

[Event "Paul Keres in Memoriam"]
[Site "SchemingMind.com"]
[Date "2011.08.20"]
[Round "-"]
[White "KupkaJ"]
[Black "kenneth m day"]
[Result "0-1"]
[WhiteCountry "SVK"]
[BlackCountry "USA"]
[WhiteElo "1512"]
[WhiteRD "99"]
[BlackElo "1938"]
[BlackRD "56"]
[GameID "291262"]

1. e4 e6 2. d4 d5 3. e5 c5 4. Nf3 Nc6 5. Bb5 Bd7 6. Bxc6 Bxc6 7. O-O Qb6 8. c3 Ne7 9. Qb3 Nf5 10. Qxb6 axb6
11. Be3 Nxe3 12. fxe3 Be7 13. Nbd2 O-O 14. a3 cxd4 15. exd4 f6 16. b3 fxe5 17. Nxe5 Rxa3 18. Rxa3 Bxa3 19. Nd3 Bd6 20. g3 Bb5
21. c4 Be8 22. b4 Bg6
0-1

[Event "Paul Keres in Memoriam"]
[Site "SchemingMind.com"]
[Date "2011.08.22"]
[Round "-"]
[White "e_safarz"]
[Black "berra"]
[Result "1-0"]
[WhiteCountry "CAN"]
[BlackCountry "SWE"]
[WhiteElo "2305"]
[WhiteRD "94"]
[BlackElo "1554"]
[BlackRD "68"]
[GameID "291375"]

1. e4 c5 2. Nf3 d6 3. d4 cxd4 4. Nxd4 Nf6 5. Nc3 a6 6. h3 Nc6 7. Be3 e5 8. Nf3 Be7 9. Bc4 Be6 10. Bb3 Qc7
11. O-O O-O 12. Bg5 Rfd8 13. Bxf6 Bxf6 14. Nd5 Qa5 15. Nxf6+ Kh8 16. Bxe6 fxe6 17. Nxh7 Rd7 18. Nhg5 Re8 19. Nxe5 Nxe5 20. Qh5+ Kg8
21. Qxe8#
1-0

[Event "Paul Keres in Memoriam"]
[Site "SchemingMind.com"]
[Date "2011.08.22"]
[Round "-"]
[White "berra"]
[Black "e_safarz"]
[Result "0-1"]
[WhiteCountry "SWE"]
[BlackCountry "CAN"]
[WhiteElo "1554"]
[WhiteRD "68"]
[BlackElo "2305"]
[BlackRD "94"]
[GameID "291377"]

1. Nf3 Nf6 2. c4 g6 3. Nc3 d5 4. cxd5 Nxd5 5. Qb3 Nb6 6. d4 Bg7 7. Bf4 Be6 8. Qa3 Nc6 9. O-O-O Nd5 10. Bg3 Nxc3
11. bxc3 Qd5 12. Rd2 O-O 13. e3 Rac8 14. Bd3 Qa5 15. Qb2 Nd8 16. c4 c5 17. Be5 f6 18. d5 fxe5 19. e4 Bg4 20. Nxe5 Nf7
21. Qb5 Qxb5 22. cxb5 Nxe5 23. Rf1 c4 24. Bc2 Nd3+ 25. Kb1 Bc3 26. Bd1 Bxd1 27. Rdxd1 Nxf2 28. Rc1 Nxe4
0-1

[Event "Paul Keres in Memoriam"]
[Site "SchemingMind.com"]
[Date "2011.09.23"]
[Round "-"]
[White "jgrzadzielski"]
[Black "jorge47"]
[Result "0-1"]
[WhiteCountry "POL"]
[BlackCountry "ARG"]
[WhiteElo "1331"]
[WhiteRD "115"]
[BlackElo "1578"]
[BlackRD "100"]
[GameID "293699"]

1. f4 g6 2. Nf3 Bg7 3. d4 d5 4. b3 e6 5. Bb2 Ne7 6. e3 O-O 7. Bd3 c5 8. O-O Nbc6 9. c3 cxd4 10. cxd4 a6
11. Nc3 b6 12. Ba3 Re8 13. Ng5 f6 14. f5 fxg5 15. f6 Nf5 16. fxg7 Kxg7 17. e4 Nfxd4 18. exd5 exd5 19. Re1 Rxe1+ 20. Qxe1 Bf5
21. Bxf5 gxf5 22. Rc1 Qd7 23. Ne2 Re8 24. Bb2 Rxe2 25. Qc3 Qe6
0-1

[Event "Paul Keres in Memoriam"]
[Site "SchemingMind.com"]
[Date "2011.09.23"]
[Round "-"]
[White "jorge47"]
[Black "jgrzadzielski"]
[Result "1-0"]
[WhiteCountry "ARG"]
[BlackCountry "POL"]
[WhiteElo "1578"]
[WhiteRD "100"]
[BlackElo "1331"]
[BlackRD "115"]
[GameID "293706"]

1. e4 g6 2. Nf3 Bg7 3. d4 d6 4. Be2 Nc6 5. O-O Bg4 6. h3 Bxf3 7. Bxf3 e5 8. d5 Nd4 9. Be3 c5 10. c3 Nxf3+
11. Qxf3 Ne7 12. Nd2 O-O 13. Qg3 Qb6 14. b3 f5 15. b4 f4 16. Qg5 Bf6 17. bxc5 dxc5 18. Qg4 h5 19. Qe6+ Qxe6 20. dxe6 Rac8
21. Bxf4 exf4 22. Rac1 g5 23. Nc4 Rfd8 24. e5 Bg7 25. Nd6
1-0